The Economics of Tourism Destinations

Sábháilte in:
Sonraí bibleagrafaíochta
Príomhchruthaitheoir: Candela, Guido
Údar corparáideach: SpringerLink (Online service)
Rannpháirtithe: Figini, Paolo
Formáid: Leictreonach Ríomhleabhar
Teanga:Béarla
Foilsithe / Cruthaithe: Berlin, Heidelberg : Springer Berlin Heidelberg : Imprint: Springer, 2012.
Sraith:Springer Texts in Business and Economics,
Ábhair:
Rochtain ar líne:http://dx.doi.org/10.1007/978-3-642-20874-4
Clibeanna: Cuir clib leis
Níl clibeanna ann, Bí ar an gcéad duine le clib a chur leis an taifead seo!

MARC

LEADER 00000nam a22000005i 4500
001 0000054118
005 20171002052810.0
007 cr nn 008mamaa
008 120911s2012 gw | s |||| 0|eng d
020 |a 9783642208744  |9 978-3-642-20874-4 
024 7 |a 10.1007/978-3-642-20874-4  |2 doi 
035 |a 0000004204 
035 |a (DE-He213)978-3-642-20874-4 
050 4 |a HB172 
072 7 |a KCC  |2 bicssc 
072 7 |a BUS044000  |2 bisacsh 
082 0 4 |a 338.5  |2 23 
100 1 |a Candela, Guido. 
245 1 4 |a The Economics of Tourism Destinations  |h [electronic resource] /  |c by Guido Candela, Paolo Figini. 
260 |a Berlin, Heidelberg :  |b Springer Berlin Heidelberg :  |b Imprint: Springer,  |c 2012. 
300 |b digital. 
490 0 |a Springer Texts in Business and Economics,  |x 2192-4333 
650 0 |a Economics. 
650 0 |a International economics. 
650 0 |a Microeconomics. 
650 0 |a Regional economics. 
650 1 4 |a Economics/Management Science. 
650 2 4 |a Microeconomics. 
650 2 4 |a International Economics. 
650 2 4 |a Regional/Spatial Science. 
700 1 |a Figini, Paolo. 
710 2 |a SpringerLink (Online service) 
773 0 |t Springer eBooks 
776 0 8 |i Printed edition:  |z 9783642208737 
830 0 |a Springer Texts in Business and Economics,  |x 2192-4333 
856 4 0 |u http://dx.doi.org/10.1007/978-3-642-20874-4 
908 |a 121203 
912 |a ZDB-2-SBE 
942 0 0 |c EB 
950 |a Business and Economics (Springer-11643) 
999 |c 47201  |d 47201